[Event "EU-ch Online U2300 Qual"]
[Site "Chess.com INT"]
[Date "2020.05.25"]
[Round "6"]
[White "Brehovsky, Paul"]
[Black "Zasukhin, Vadim Borisovich"]
[Result "0-1"]
[WhiteElo "2149"]
[BlackElo "2274"]
[PlyCount "80"]
[EventDate "2020.05.25"]
[EventType "swiss"]
[EventRounds "8"]
[EventCountry "NET"]
[SourceTitle "EXT 2021"]
[Source "ChessBase"]
[SourceDate "2020.10.23"]
[SourceVersion "1"]
[SourceVersionDate "2020.10.23"]
[SourceQuality "1"]

1. d4 Nf6 2. c4 c5 3. d5 b5 4. Nd2 bxc4 5. e4 c3 6. bxc3 g6 7. c4 d6 8. Bb2 Bg7 9. Bd3 0-0 10. Ngf3 Bg4 11. Qc2 Na6 12. a3 Rb8 13. Bc3 Bxf3 14. Nxf3 Nd7 15. Bxg7 Kxg7 16. Qc3+ f6 17. Ng5 Nc7 18. f4 Nb6 19. a4 Qd7 20. Bc2 Qg4 21. 0-0 Kg8 22. Bd1 Qd7 23. Nf3 e5 24. a5 Nc8 25. fxe5 dxe5 26. Ba4 Qe7 27. Rab1 Nd6 28. Nd2 Na6 29. Qe3 Rxb1 30. Rxb1 Qc7 31. Bb5 Qxa5 32. Bxa6 Qxa6 33. Qxc5 Rc8 34. Qb4 Nxc4 35. Rc1 Qb6+ 36. Qxb6 Nxb6 37. Rc6 Rxc6 38. dxc6 Kf7 39. c7 Ke6 40. Nc4 Kd7 0-1

[Event "EU-ch Online U2300 Qual"]
[Site "Chess.com INT"]
[Date "2020.05.25"]
[Round "1"]
[White "Gara, Anita"]
[Black "Brehovsky, Paul"]
[Result "1-0"]
[WhiteElo "2345"]
[BlackElo "2149"]
[PlyCount "85"]
[EventDate "2020.05.25"]
[EventType "swiss"]
[EventRounds "8"]
[EventCountry "NET"]
[SourceTitle "EXT 2021"]
[Source "ChessBase"]
[SourceDate "2020.10.23"]
[SourceVersion "1"]
[SourceVersionDate "2020.10.23"]
[SourceQuality "1"]

1. e4 e6 2. d4 d5 3. Nd2 Nf6 4. e5 Nfd7 5. Bd3 c5 6. c3 Nc6 7. Ne2 cxd4 8. cxd4 f6 9. exf6 Qxf6 10. Nf3 h6 11. 0-0 Bd6 12. a3 0-0 13. Bc2 Rf7 14. Qd3 Nf8 15. Ng3 Rc7 16. Re1 Bd7 17. Nh5 Qf7 18. Ng3 Rac8 19. Re2 Na5 20. Ne5 Bxe5 21. dxe5 a6 22. a4 b5 23. Be3 Nc4 24. Bd4 b4 25. f4 a5 26. Rf1 g6 27. h4 h5 28. Rf3 Qe8 29. Nxh5 gxh5 30. Rg3+ Kh8 31. f5 Bc6 32. f6 Rh7 33. Qf3 Rcc7 34. Rg5 Rb7 35. Qg3 Qf7 36. Bxh7 Qxh7 37. Qf3 Be8 38. b3 Nb6 39. Rg7 Rxg7 40. fxg7+ Qxg7 41. Bxb6 Ng6 42. Qxh5+ Kg8 43. Qg5 1-0

[Event "EU-ch Online U2300 Qual"]
[Site "Chess.com INT"]
[Date "2020.05.25"]
[Round "7"]
[White "Unneland, Mathias"]
[Black "Brehovsky, Paul"]
[Result "1/2-1/2"]
[WhiteElo "2146"]
[BlackElo "2149"]
[PlyCount "152"]
[EventDate "2020.05.25"]
[EventType "swiss"]
[EventRounds "8"]
[EventCountry "NET"]
[SourceTitle "EXT 2021"]
[Source "ChessBase"]
[SourceDate "2020.10.23"]
[SourceVersion "1"]
[SourceVersionDate "2020.10.23"]
[SourceQuality "1"]

1. e4 e6 2. d4 d5 3. Nc3 Nf6 4. e5 Nfd7 5. f4 c5 6. Nf3 Nc6 7. Be3 a6 8. Qd2 Be7 9. a3 0-0 10. dxc5 Nxc5 11. 0-0-0 b5 12. b4 Nd7 13. Nd4 Bb7 14. Nxc6 Bxc6 15. Ne2 Bb7 16. Nd4 a5 17. Nxb5 axb4 18. axb4 Ra2 19. Qc3 Qa8 20. Qb3 Rc8 21. Bd3 Ra4 22. Nd6 Bxd6 23. exd6 Ra3 24. Qb2 Qa4 25. Kd2 Ba6 26. b5 Ra2 27. Ra1 Rxb2 28. Rxa4 Bxb5 29. Bxb5 Rxb5 30. Rha1 h5 31. Ra8 Rxa8 32. Rxa8+ Kh7 33. Ra7 Nf6 34. d7 Rb8 35. Bd4 Kg6 36. h3 Rd8 37. Bxf6 Kxf6 38. g4 hxg4 39. hxg4 Ke7 40. Ke3 Rxd7 41. Ra4 Rc7 42. Kd3 Kf6 43. c3 g5 44. fxg5+ Kxg5 45. Rb4 Kf6 46. Rf4+ Kg5 47. Rb4 Kf6 48. Rf4+ Ke5 49. Rf3 f5 50. gxf5 exf5 51. Re3+ Kd6 52. Rf3 Ke5 53. Re3+ Kf6 54. Kd4 f4 55. Rf3 Kf5 56. Kxd5 Kg4 57. Rf1 Rxc3 58. Ke4 Re3+ 59. Kd4 Re2 60. Kd3 f3 61. Rg1+ Kf4 62. Rg8 Re5 63. Rf8+ Kg3 64. Rg8+ Kf2 65. Rf8 Kg2 66. Rg8+ Kf1 67. Rf8 f2 68. Kd2 Re4 69. Rf7 Kg2 70. Rg7+ Kf3 71. Rf7+ Kg3 72. Rg7+ Kf3 73. Rf7+ Rf4 74. Rxf4+ Kxf4 75. Ke2 Kg3 76. Kf1 Kf3 1/2-1/2

[Event "AUT-ch Zwisch Internet"]
[Site "Playchess.com INT"]
[Date "2020.05.02"]
[Round "10"]
[White "Brehovsky, Paul"]
[Black "Polterauer, Chiara"]
[Result "1-0"]
[WhiteElo "2149"]
[BlackElo "2178"]
[PlyCount "117"]
[EventDate "2020.05.02"]
[EventType "swiss (blitz)"]
[EventRounds "13"]
[EventCountry "AUT"]
[SourceTitle "CBM 195 Extra"]
[Source "ChessBase"]
[SourceDate "2020.05.31"]
[SourceVersion "1"]
[SourceVersionDate "2020.05.31"]
[SourceQuality "1"]

1. d4 Nf6 2. c4 c5 3. d5 e6 4. Nc3 exd5 5. cxd5 d6 6. e4 g6 7. Nf3 Bg7 8. g3 0-0 9. Bg2 a6 10. a4 Bg4 11. 0-0 Nbd7 12. h3 Bxf3 13. Bxf3 Ne5 14. Be2 c4 15. f4 Qb6+ 16. Kg2 Ned7 17. Bxc4 Rac8 18. Be2 Rfe8 19. Bf3 Nc5 20. Re1 Nfd7 21. Ra3 Qb4 22. a5 f5 23. exf5 gxf5 24. Bh5 Rxe1 25. Qxe1 Qd4 26. Be3 Qf6 27. Qd2 Ne4 28. Nxe4 fxe4 29. Rb3 Rc7 30. Bg4 Kh8 31. Rc3 Rxc3 32. Qxc3 Qxc3 33. bxc3 Nc5 34. Bd4 Bxd4 35. cxd4 Nb3 36. Bc8 Nxa5 37. Kf2 Kg7 38. g4 Nc4 39. Bxb7 a5 40. Bc6 Kf6 41. h4 Nb6 42. Ke3 a4 43. Bxa4 Nxa4 44. Kxe4 Nc3+ 45. Kd3 Nxd5 46. Ke4 Nc3+ 47. Kd3 Nb5 48. Ke4 Nc7 49. g5+ Ke6 50. f5+ Kf7 51. Kf4 Nd5+ 52. Ke4 Ne7 53. h5 Kf8 54. f6 Nc8 55. Kf5 Nb6 56. Ke6 Nc4 57. g6 Ne3 58. gxh7 Nf5 59. h8Q# 1-0

[Event "AUT-ch Zwisch Internet"]
[Site "Playchess.com INT"]
[Date "2020.05.02"]
[Round "13"]
[White "Wimmer, Kevin"]
[Black "Brehovsky, Paul"]
[Result "0-1"]
[WhiteElo "1944"]
[BlackElo "2149"]
[PlyCount "50"]
[EventDate "2020.05.02"]
[EventType "swiss (blitz)"]
[EventRounds "13"]
[EventCountry "AUT"]
[SourceTitle "CBM 195 Extra"]
[Source "ChessBase"]
[SourceDate "2020.05.31"]
[SourceVersion "1"]
[SourceVersionDate "2020.05.31"]
[SourceQuality "1"]

1. e4 e6 2. d4 d5 3. Nd2 Nf6 4. e5 Nfd7 5. Bd3 c5 6. c3 Nc6 7. Ne2 cxd4 8. cxd4 f6 9. exf6 Qxf6 10. Nf3 h6 11. 0-0 Bd6 12. Bd2 0-0 13. Rc1 Rf7 14. Bb1 Nf8 15. Bc3 Rc7 16. a3 Bd7 17. b4 b5 18. Qd3 a5 19. Bd2 axb4 20. axb4 Nxb4 21. Bxb4 Rxc1 22. Bxd6 Rxf1+ 23. Kxf1 Ra1 24. Be5 Qf5 25. Nc3 Qxd3+ 0-1

[Event "AUT-ch Vor2 Internet"]
[Site "Playchess.com INT"]
[Date "2020.04.13"]
[Round "9"]
[White "Brehovsky, Paul"]
[Black "Buchegger, Fridolin"]
[Result "1-0"]
[WhiteElo "2149"]
[BlackElo "1827"]
[PlyCount "141"]
[EventDate "2020.04.13"]
[EventType "swiss (blitz)"]
[EventRounds "9"]
[EventCountry "AUT"]
[SourceTitle "CBM 195 Extra"]
[Source "ChessBase"]
[SourceDate "2020.05.31"]
[SourceVersion "1"]
[SourceVersionDate "2020.05.31"]
[SourceQuality "1"]

1. d4 Nf6 2. c4 g6 3. Nf3 Bg7 4. g3 0-0 5. Bg2 d6 6. 0-0 Nbd7 7. Nc3 c6 8. e4 Qc7 9. Re1 e5 10. dxe5 Nxe5 11. Nxe5 dxe5 12. Qc2 Be6 13. c5 Rfd8 14. f3 h6 15. Be3 Rd7 16. b4 Rad8 17. Bf1 Bf8 18. Na4 Kg7 19. a3 Nh7 20. Red1 Rxd1 21. Rxd1 Be7 22. Rxd8 Qxd8 23. Kf2 Bg5 24. Qd3 Qxd3 25. Bxd3 Bb3 26. Nb2 Bd8 27. Nc4 Bxc4 28. Bxc4 a5 29. b5 cxb5 30. Bxb5 Nf8 31. Ke2 Be7 32. Kd3 Ne6 33. Kc4 Nc7 34. Bd7 Ne6 35. Bc8 b6 36. cxb6 Bxa3 37. Bxe6 fxe6 38. b7 Bd6 39. Ba7 a4 40. b8Q Bxb8 41. Bxb8 Kf6 42. Kb4 h5 43. Kxa4 g5 44. Kb5 h4 45. Kc6 hxg3 46. hxg3 g4 47. fxg4 Kg5 48. Bxe5 Kxg4 49. Bf4 Kf3 50. e5 Ke4 51. Kd6 Kf5 52. Kd7 Kg6 53. Kxe6 Kg7 54. Kf5 Kf7 55. e6+ Ke7 56. Ke5 Ke8 57. Kf6 Kf8 58. Bh6+ Ke8 59. e7 Kd7 60. Kf7 Kd6 61. e8Q Kd5 62. Qe3 Kc4 63. Qd2 Kb3 64. Qc1 Ka2 65. Ke6 Kb3 66. Qc5 Ka2 67. Qb4 Ka1 68. Kd5 Ka2 69. Kd4 Ka1 70. Kc3 Ka2 71. Qb2# 1-0

[Event "AUT-ch Vor2 Internet"]
[Site "Playchess.com INT"]
[Date "2020.04.13"]
[Round "4"]
[White "Brehovsky, Paul"]
[Black "Steiner, Adam"]
[Result "1-0"]
[WhiteElo "2149"]
[BlackElo "2251"]
[PlyCount "131"]
[EventDate "2020.04.13"]
[EventType "swiss (blitz)"]
[EventRounds "9"]
[EventCountry "AUT"]
[SourceTitle "CBM 195 Extra"]
[Source "ChessBase"]
[SourceDate "2020.05.31"]
[SourceVersion "1"]
[SourceVersionDate "2020.05.31"]
[SourceQuality "1"]

1. d4 d5 2. c4 c6 3. Nf3 Nf6 4. Nc3 dxc4 5. a4 Bf5 6. Ne5 Nbd7 7. Nxc4 Nb6 8. e3 e6 9. Bd2 Be7 10. f3 Bg6 11. Ne5 Nfd7 12. Nxg6 hxg6 13. g3 Bd6 14. Ne4 Bc7 15. Bg2 Nf6 16. Nf2 Qe7 17. a5 Nbd5 18. Qb3 Bd6 19. e4 Bb4 20. exd5 exd5+ 21. Kd1 Bxd2 22. Kxd2 0-0-0 23. Rae1 Qc7 24. Qc3 Rde8 25. Rxe8+ Nxe8 26. f4 Nd6 27. h4 Nc4+ 28. Kc2 Re8 29. Re1 Rxe1 30. Qxe1 Kd8 31. b4 b6 32. Bf1 Nd6 33. Bd3 f5 34. Qe6 bxa5 35. Qg8+ Ke7 36. Qxg7+ Nf7 37. Qxg6 axb4 38. Qxf5 Qa5 39. Nd1 Qa2+ 40. Nb2 b3+ 41. Kc3 a5 42. Ba6 a4 43. Qc8 a3 44. Qb7+ Kf6 45. Qxb3 axb2 46. Qxa2 b1Q 47. Qxb1 Nd6 48. g4 Ne4+ 49. Kb3 Nd2+ 50. Kb2 Nxb1 51. Kxb1 Ke6 52. Kc2 Kd6 53. Kd3 Ke6 54. h5 Kf6 55. Bc8 Kg7 56. g5 c5 57. dxc5 d4 58. Kxd4 Kh7 59. Ke5 Kg7 60. Ke6 Kh7 61. Kf7 Kh8 62. Bd7 Kh7 63. g6+ Kh6 64. g7 Kh7 65. g8Q+ Kh6 66. Qg6# 1-0

[Event "AUT-ch Vor2 Internet"]
[Site "Playchess.com INT"]
[Date "2020.04.13"]
[Round "7"]
[White "Leisch, Lukas"]
[Black "Brehovsky, Paul"]
[Result "1-0"]
[WhiteElo "2362"]
[BlackElo "2149"]
[PlyCount "155"]
[EventDate "2020.04.13"]
[EventType "swiss (blitz)"]
[EventRounds "9"]
[EventCountry "AUT"]
[SourceTitle "CBM 195 Extra"]
[Source "ChessBase"]
[SourceDate "2020.05.31"]
[SourceVersion "1"]
[SourceVersionDate "2020.05.31"]
[SourceQuality "1"]

1. c4 e6 2. Nc3 d5 3. e3 Nf6 4. Nf3 c6 5. b3 Nbd7 6. Qc2 Be7 7. Bb2 0-0 8. Rg1 e5 9. cxd5 cxd5 10. Nb5 e4 11. Nfd4 Nc5 12. f4 a6 13. Nc3 Bd7 14. Be2 Rc8 15. g4 Ne8 16. g5 Nd6 17. Nxd5 Nd3+ 18. Bxd3 Rxc2 19. Bxc2 Bc6 20. Nxe7+ Qxe7 21. f5 Rc8 22. f6 Qe8 23. fxg7 Bd7 24. 0-0-0 Nf5 25. Kb1 Nxd4 26. Bxd4 Bf5 27. Rc1 Qe6 28. Bd1 Rd8 29. Be2 Rxd4 30. exd4 e3+ 31. d3 Qd7 32. Rgf1 Bg6 33. Rf4 Kxg7 34. Rcf1 Qd6 35. h4 h5 36. gxh6+ Kxh6 37. h5 Bxh5 38. Rf6+ Qxf6 39. Rxf6+ Kg5 40. Bxh5 Kxf6 41. Kc1 Ke6 42. Bf3 b5 43. Kd1 f5 44. Ke2 f4 45. Be4 a5 46. a4 bxa4 47. bxa4 Kd6 48. Kf3 Ke6 49. Bc6 Kd6 50. Bb5 Kd5 51. Ke2 Kxd4 52. Bc6 Kc5 53. Be8 Kd4 54. Bh5 Kc3 55. Bf3 Kb4 56. Bc6 Kc5 57. Bb5 Kd4 58. Bc4 Kc3 59. Kf3 Kd4 60. Bb5 Ke5 61. d4+ Kxd4 62. Kxf4 e2 63. Bxe2 Kc5 64. Bb5 Kb6 65. Ke4 Kc5 66. Kd3 Kb6 67. Kc4 Kc7 68. Kc5 Kb7 69. Kd6 Kb6 70. Kd5 Kc7 71. Kc5 Kb7 72. Bc4 Ka7 73. Kb5 Kb7 74. Kxa5 Ka7 75. Kb5 Kb7 76. Bd5+ Ka7 77. Bh1 Kb8 78. Kb6 1-0

[Event "AUT-ch Vor2 Internet"]
[Site "Playchess.com INT"]
[Date "2020.04.13"]
[Round "1"]
[White "Steininger, Barbara"]
[Black "Brehovsky, Paul"]
[Result "0-1"]
[WhiteElo "1622"]
[BlackElo "2149"]
[PlyCount "94"]
[EventDate "2020.04.13"]
[EventType "swiss (blitz)"]
[EventRounds "9"]
[EventCountry "AUT"]
[SourceTitle "CBM 195 Extra"]
[Source "ChessBase"]
[SourceDate "2020.05.31"]
[SourceVersion "1"]
[SourceVersionDate "2020.05.31"]
[SourceQuality "1"]

1. d4 e6 2. c4 Nf6 3. Nc3 d5 4. Nf3 c6 5. Bg5 Nbd7 6. e3 Qa5 7. cxd5 Nxd5 8. Qc2 Bb4 9. Rc1 Qxa2 10. Nd2 Nxc3 11. bxc3 Qxc2 12. Rxc2 Be7 13. Bf4 b6 14. Bd3 Bb7 15. 0-0 c5 16. Rfc1 g5 17. Bg3 h5 18. h3 f5 19. Bb5 a6 20. Bxd7+ Kxd7 21. Be5 Rhg8 22. Nc4 Kc6 23. Rb2 Bd8 24. Nd6 Ra7 25. Rcb1 Bc7 26. Nxb7 Rxb7 27. Bxc7 Kxc7 28. dxc5 b5 29. c4 Rgb8 30. Ra2 bxc4 31. Rxb7+ Kxb7 32. Rc2 Kc6 33. Rxc4 Rb1+ 34. Kh2 Rb5 35. Ra4 a5 36. Rc4 Rxc5 37. Ra4 Kb5 38. Ra2 Kb4 39. Kg3 Kb3 40. Ra1 a4 41. Kf3 a3 42. Rb1+ Kc2 43. Ra1 Kb2 44. Rd1 a2 45. Rd2+ Kb3 46. Rd1 Kb2 47. Rd2+ Rc2 0-1

[Event "AUT-ch Vor2 Internet"]
[Site "Playchess.com INT"]
[Date "2020.04.13"]
[Round "6"]
[White "Wohlfahrt, Herbert J"]
[Black "Brehovsky, Paul"]
[Result "0-1"]
[WhiteElo "2285"]
[BlackElo "2149"]
[PlyCount "120"]
[EventDate "2020.04.13"]
[EventType "swiss (blitz)"]
[EventRounds "9"]
[EventCountry "AUT"]
[SourceTitle "CBM 195 Extra"]
[Source "ChessBase"]
[SourceDate "2020.05.31"]
[SourceVersion "1"]
[SourceVersionDate "2020.05.31"]
[SourceQuality "1"]

1. Nf3 Nf6 2. c4 e6 3. g3 d5 4. Bg2 Be7 5. 0-0 0-0 6. d4 dxc4 7. Qc2 Bd7 8. Ne5 Nc6 9. Nxc6 Bxc6 10. Bxc6 bxc6 11. Qxc4 Qd5 12. Nd2 Rfd8 13. e3 c5 14. dxc5 Bxc5 15. Qxd5 Rxd5 16. Nc4 Rad8 17. b3 Ne4 18. f3 Nd6 19. Nb2 Nf5 20. Kf2 Rd2+ 21. Kg1 Bxe3+ 22. Kh1 Re2 23. Nc4 Bxc1 24. Rfxc1 h5 25. Re1 Rxe1+ 26. Rxe1 Rd3 27. Kg2 Nd6 28. Ne5 Rd2+ 29. Kh3 Rxa2 30. Rc1 Nb5 31. Rc5 a6 32. Nd3 Rd2 33. Nb4 Nd4 34. Rc3 a5 35. Na6 Rb2 36. Nc5 e5 37. f4 f6 38. fxe5 fxe5 39. g4 g6 40. gxh5 gxh5 41. Ne4 Rxb3 42. Rxb3 Nxb3 43. Kh4 a4 44. Kxh5 Kf7 45. Kg4 Ke6 46. Kf3 Kd5 47. Nc3+ Kd4 48. Nxa4 e4+ 49. Ke2 Nc1+ 50. Kd1 Nd3 51. Kd2 e3+ 52. Ke2 Ke4 53. Nc3+ Kd4 54. Nb5+ Ke4 55. Nxc7 Nf4+ 56. Ke1 Kf3 57. Nb5 Nd3+ 58. Kd1 e2+ 59. Kd2 e1Q+ 60. Kxd3 Qe2+ 0-1

[Event "AUT-ch Vor1 Internet"]
[Site "Playchess.com INT"]
[Date "2020.04.11"]
[Round "4"]
[White "Kruckenhauser, Arthur"]
[Black "Brehovsky, Paul"]
[Result "1-0"]
[WhiteElo "2233"]
[BlackElo "2149"]
[PlyCount "41"]
[EventDate "2020.04.11"]
[EventType "swiss (blitz)"]
[EventRounds "9"]
[EventCountry "AUT"]
[SourceTitle "CBM 195 Extra"]
[Source "ChessBase"]
[SourceDate "2020.05.31"]
[SourceVersion "1"]
[SourceVersionDate "2020.05.31"]
[SourceQuality "1"]

1. e4 e6 2. d4 d5 3. Nd2 Nf6 4. e5 Nfd7 5. Bd3 c5 6. c3 Nc6 7. Ne2 cxd4 8. cxd4 f6 9. exf6 Qxf6 10. Nf3 h6 11. Ng3 Bd6 12. 0-0 0-0 13. a3 e5 14. dxe5 Ndxe5 15. Nxe5 Nxe5 16. Bb1 Be6 17. Qc2 Rac8 18. Qh7+ Kf7 19. Nh5 Nf3+ 20. gxf3 Bxh2+ 21. Kg2 1-0

[Event "AUT-chT2W 1819"]
[Site "Austria"]
[Date "2018.10.14"]
[Round "3.2"]
[White "Brehovsky, Paul"]
[Black "Koepke, Elena"]
[Result "0-1"]
[WhiteElo "2126"]
[BlackElo "2271"]
[PlyCount "42"]
[EventDate "2018.10.12"]
[EventType "team-tourn"]
[EventRounds "11"]
[EventCountry "AUT"]
[SourceTitle "CBM 186 Extra"]
[Source "ChessBase"]
[SourceDate "2018.08.24"]
[SourceVersion "1"]
[SourceVersionDate "2018.08.24"]
[SourceQuality "1"]
[WhiteTeam "Ranshofen"]
[BlackTeam "Kufstein/Woergl"]
[WhiteTeamCountry "AUT"]
[BlackTeamCountry "AUT"]

1. d4 d5 2. c4 dxc4 3. e3 e5 4. Nf3 exd4 5. Bxc4 Bb4+ 6. Bd2 Bxd2+ 7. Qxd2 Nc6 8. 0-0 Nf6 9. exd4 0-0 10. h3 a6 11. a4 Qd6 12. Nc3 Bf5 13. Rfd1 Rad8 14. Qg5 Bc2 15. Rdc1 Bg6 16. d5 Ne7 17. Ne5 Rfe8 18. Ba2 h6 19. Qf4 Nexd5 20. Nxd5 Nxd5 21. Bxd5 Rxe5 0-1

[Event "AUT-chT2W 1718"]
[Site "Austria"]
[Date "2018.01.13"]
[Round "7.4"]
[White "Brehovsky, Paul"]
[Black "Mueller, Philipp1111"]
[Result "0-1"]
[WhiteElo "2133"]
[BlackElo "2220"]
[PlyCount "106"]
[EventDate "2017.10.13"]
[EventType "team-tourn"]
[EventRounds "11"]
[EventCountry "AUT"]
[SourceTitle "EXT 2019"]
[Source "ChessBase"]
[SourceDate "2018.10.10"]
[SourceVersion "1"]
[SourceVersionDate "2018.10.10"]
[SourceQuality "1"]
[WhiteTeam "Ranshofen"]
[BlackTeam "Goetzis II"]
[WhiteTeamCountry "AUT"]
[BlackTeamCountry "AUT"]

1. d4 Nf6 2. Nf3 e6 3. e3 c5 4. Be2 Be7 5. 0-0 0-0 6. b3 b6 7. c4 cxd4 8. Nxd4 Bb7 9. Bb2 Na6 10. Nc3 Nc5 11. Rc1 Nfe4 12. Nxe4 Bxe4 13. b4 Nb7 14. Bf3 Bxf3 15. Qxf3 Qb8 16. Qg4 f6 17. f4 Bxb4 18. Rf3 Rf7 19. Rg3 Qf8 20. f5 e5 21. Nc2 Bc5 22. Rd1 Rc8 23. Kh1 Bd6 24. Rh3 Na5 25. Qh5 h6 26. e4 Nxc4 27. Bc1 Nb2 28. Rd2 Bb4 29. Re2 Qd6 30. Bxh6 gxh6 31. Qxh6 Rg7 32. Qh8+ Kf7 33. Qxc8 Qd1+ 34. Ne1 Bxe1 35. Qc2 Qxc2 36. Rxc2 Na4 37. Kg1 Nc5 38. Re3 Ba5 39. Ra3 Nxe4 40. Rc7 Ke7 41. Rxa7 Nd6 42. Rf3 e4 43. Rf4 Bd2 44. Rh4 Bg5 45. Rh8 Nxf5 46. g3 Kd6 47. Kf1 Re7 48. Rb8 Be3 49. a4 Bc5 50. a5 e3 51. Rxb6+ Bxb6 52. axb6 e2+ 53. Ke1 Nd4 0-1

[Event "AUT-chT2W 1718"]
[Site "Austria"]
[Date "2017.10.15"]
[Round "3.3"]
[White "Koepke, Elena"]
[Black "Brehovsky, Paul"]
[Result "1-0"]
[WhiteElo "2309"]
[BlackElo "2133"]
[PlyCount "79"]
[EventDate "2017.10.13"]
[EventType "team-tourn"]
[EventRounds "11"]
[EventCountry "AUT"]
[SourceTitle "CBM 181 Extra"]
[Source "ChessBase"]
[SourceDate "2017.12.12"]
[SourceVersion "1"]
[SourceVersionDate "2017.12.12"]
[SourceQuality "1"]
[WhiteTeam "Kufstein/Woergl"]
[BlackTeam "Ranshofen"]
[WhiteTeamCountry "AUT"]
[BlackTeamCountry "AUT"]

1. e4 e6 2. d4 d5 3. Nd2 Nf6 4. e5 Nfd7 5. Bd3 c5 6. c3 Nc6 7. Ne2 cxd4 8. cxd4 f6 9. exf6 Qxf6 10. Nf3 h6 11. 0-0 Bd6 12. Ng3 0-0 13. Bc2 Rd8 14. Re1 Nf8 15. Ne5 Bxe5 16. dxe5 Qh4 17. f4 Bd7 18. a3 Rac8 19. Bd2 Be8 20. Kh1 Bg6 21. f5 Nd4 22. Bd3 Bxf5 23. Nxf5 exf5 24. Rf1 Nfe6 25. Bxf5 Nxf5 26. Rxf5 Qe4 27. Rf1 Rf8 28. Re1 Qg6 29. Bb4 Rf2 30. Qxd5 Rcc2 31. Rg1 Kh7 32. Raf1 Nf4 33. Rxf2 Rxf2 34. Qxb7 Rxb2 35. Qf3 Nd3 36. h3 Nxe5 37. Qe3 Nd3 38. Bd2 Ra2 39. Bb4 a5 40. Bc5 1-0

[Event "AUT-chT2O 1617"]
[Site "Austria"]
[Date "2017.04.02"]
[Round "11.4"]
[White "Brehovsky, Paul"]
[Black "Rongitsch, Thomas"]
[Result "0-1"]
[WhiteElo "2127"]
[BlackElo "2092"]
[PlyCount "72"]
[EventDate "2016.10.15"]
[EventType "team-tourn"]
[EventRounds "11"]
[EventCountry "AUT"]
[SourceTitle "CBM 177 Extra"]
[Source "ChessBase"]
[SourceDate "2017.04.27"]
[SourceVersion "1"]
[SourceVersionDate "2017.04.27"]
[SourceQuality "1"]
[WhiteTeam "Bad Voeslau"]
[BlackTeam "Nickelsdorf Blackburne II"]
[WhiteTeamCountry "AUT"]
[BlackTeamCountry "AUT"]

1. d4 d5 2. c4 c6 3. Nf3 Nf6 4. Nc3 a6 5. e3 b5 6. b3 Bg4 7. Be2 e6 8. 0-0 Nbd7 9. h3 Bh5 10. Qc2 Bb4 11. Bd2 Qe7 12. a3 Bg6 13. Qb2 Bd6 14. a4 b4 15. Na2 dxc4 16. Bxc4 a5 17. Rfd1 0-0 18. Ne5 Rfc8 19. Nxg6 hxg6 20. Rac1 c5 21. dxc5 Bxc5 22. Rc2 Bb6 23. Be1 Nc5 24. Nc1 Nfe4 25. Be2 Rd8 26. Rxd8+ Rxd8 27. f3 Nf6 28. Bf2 Nd5 29. Na2 Qg5 30. h4 Qe7 31. Bc4 Nxe3 32. Bxe3 Rd1+ 33. Bf1 Nxa4 34. Qe5 Qa7 35. Re2 Nc5 36. Kh2 Bc7 0-1

[Event "AUT-chT2O 1617"]
[Site "Austria"]
[Date "2016.10.16"]
[Round "2.4"]
[White "Brehovsky, Paul"]
[Black "Schwab, Lukas"]
[Result "1/2-1/2"]
[WhiteElo "2127"]
[BlackElo "2087"]
[PlyCount "99"]
[EventDate "2016.10.15"]
[EventType "team-tourn"]
[EventRounds "11"]
[EventCountry "AUT"]
[SourceTitle "EXT 2017"]
[Source "ChessBase"]
[SourceDate "2016.10.25"]
[SourceVersion "1"]
[SourceVersionDate "2016.10.25"]
[SourceQuality "1"]
[WhiteTeam "Bad Voeslau"]
[BlackTeam "Donaustadt"]
[WhiteTeamCountry "AUT"]
[BlackTeamCountry "AUT"]

1. d4 d5 2. c4 e6 3. Nc3 Be7 4. Nf3 Nf6 5. Bg5 h6 6. Bh4 0-0 7. e3 b6 8. cxd5 Nxd5 9. Bxe7 Qxe7 10. Bd3 Bb7 11. 0-0 Nd7 12. Rc1 c5 13. Nxd5 exd5 14. b3 Rac8 15. Qe2 Rfe8 16. Rfd1 Nf6 17. Bf5 Rc7 18. Qb2 Ne4 19. dxc5 bxc5 20. Qa3 Ng5 21. Bg4 Qe4 22. h3 d4 23. exd4 f5 24. Bh5 g6 25. Re1 Nxf3+ 26. Bxf3 Qxe1+ 27. Rxe1 Rxe1+ 28. Kh2 Bxf3 29. Qa5 Rce7 30. gxf3 cxd4 31. Qd5+ Kh7 32. Qxd4 R1e2 33. a4 Ra2 34. Kg2 Rg7 35. Qd5 Ra3 36. Kf1 Ra1+ 37. Kg2 Re7 38. Qd4 Rc1 39. Qd2 Rcc7 40. Qd4 Red7 41. Qf4 Rc5 42. b4 Rcd5 43. Qc4 Rd4 44. Qc5 Rf4 45. a5 Rfd4 46. b5 Rd1 47. f4 R1d5 48. Qc6 R5d6 49. Qc5 Re6 50. Qc8 1/2-1/2

[Event "Niederoesterreich Landesliga 1516"]
[Site "Austria"]
[Date "2016.04.03"]
[Round "11.4"]
[White "Brehovsky, Paul"]
[Black "Neumann, Christian"]
[Result "1/2-1/2"]
[WhiteElo "2122"]
[BlackElo "1997"]
[PlyCount "80"]
[EventDate "2015.09.27"]
[EventType "team-tourn"]
[EventRounds "11"]
[EventCountry "AUT"]
[SourceTitle "EXT 2017"]
[Source "ChessBase"]
[SourceDate "2016.10.25"]
[SourceVersion "1"]
[SourceVersionDate "2016.10.25"]
[SourceQuality "1"]
[WhiteTeam "Bad Voeslau/Kottingbrunn"]
[BlackTeam "Boehlerwerk"]
[WhiteTeamCountry "AUT"]
[BlackTeamCountry "AUT"]

1. d4 Nf6 2. Nf3 b6 3. g3 Bb7 4. Bg2 e6 5. 0-0 Be7 6. c4 0-0 7. Nc3 Ne4 8. Qc2 Nxc3 9. Qxc3 d6 10. Qc2 f5 11. b4 Nd7 12. Bb2 Bf6 13. Rfd1 Be4 14. Qb3 Qe7 15. a4 a5 16. b5 g5 17. Bf1 f4 18. Ne1 Rae8 19. f3 Bg6 20. e4 fxg3 21. hxg3 Kh8 22. Bg2 Qg7 23. Nc2 e5 24. d5 Bd8 25. Ne3 Rf7 26. Rf1 Ref8 27. g4 Kg8 28. Nf5 Bxf5 29. exf5 Qh6 30. Bc3 Re8 31. Rae1 Bf6 32. Re2 Rfe7 33. Qc2 Nc5 34. Rc1 Qg7 35. Re4 Kf7 36. Bh3 Rh8 37. Kg2 Ree8 38. Rh1 h5 39. Be1 Rh7 40. Bf2 Nxe4 1/2-1/2

[Event "Niederoesterreich Landesliga 1011"]
[Site "Austria"]
[Date "2011.04.03"]
[Round "13"]
[White "Brehovsky, Paul"]
[Black "Pammer, Andreas"]
[Result "1/2-1/2"]
[WhiteElo "2097"]
[BlackElo "2104"]
[PlyCount "70"]
[EventDate "2010.09.12"]
[EventType "team-tourn"]
[EventRounds "13"]
[EventCountry "AUT"]
[SourceTitle "EXT 2022"]
[Source "ChessBase"]
[SourceDate "2021.10.06"]
[SourceVersion "1"]
[SourceVersionDate "2021.10.06"]
[SourceQuality "1"]

1. d4 Nf6 2. Nf3 g6 3. c4 Bg7 4. g3 0-0 5. Bg2 d5 6. 0-0 Nc6 7. cxd5 Nxd5 8. e4 Nb6 9. d5 Na5 10. Nc3 c6 11. Re1 e6 12. Bg5 f6 13. Be3 cxd5 14. Bc5 Rf7 15. exd5 e5 16. Nd2 Nac4 17. Nxc4 Nxc4 18. d6 Be6 19. Bd5 Qd7 20. b3 Na5 21. Bxe6 Qxe6 22. Nd5 Rd8 23. Nc7 Qd7 24. b4 b6 25. Bxb6 axb6 26. bxa5 bxa5 27. Qb3 Qxd6 28. Rac1 Bh6 29. Red1 Qe7 30. Nd5 Re8 31. Nc7 Bxc1 32. Nxe8 Qxe8 33. Rxc1 Kg7 34. Rc5 a4 35. Qc4 Qd7 1/2-1/2